Guess the Taylor Swift Song (no hints) 16 - Statistics

General Stats
  • This quiz has been taken 303 times
    148 since last reset
  • The average score is 292 of 410
Answer Stats
Answer % Correct
I
100%
me
96%
me,
96%
the
95%
The
95%
you
95%
You
95%
you,
95%
an
91%
we
91%
We
91%
in
89%
it
89%
It
89%
be
88%
to
88%
To
88%
my
87%
on
87%
when
87%
And
86%
and
86%
who
86%
is
85%
your
84%
all
82%
go
82%
were
82%
for
81%
have
81%
I'm
80%
So
80%
so
80%
this
80%
was
80%
hear
79%
too,
79%
could
78%
at
76%
how
76%
It's
76%
it's
76%
know
76%
by
74%
of
74%
with
74%
But
73%
but
73%
can
73%
like
73%
not
73%
now
72%
Now
72%
that
72%
as
71%
there
71%
would
71%
If
70%
if
70%
just
70%
Time
70%
don't
68%
ever
68%
out
67%
babe
66%
down
66%
even
65%
Even
65%
I'll
65%
stay
65%
call
64%
damn
64%
back
63%
good
63%
house
63%
season,
63%
season
63%
up
63%
I've
62%
real
62%
always
61%
'Tis
61%
wanted
61%
ask
60%
looks
60%
parents'
60%
weekend
60%
only
59%
stayin'
59%
gone
58%
L.A.
58%
about
57%
car
57%
friends
56%
leave
56%
road
56%
write
56%
make
55%
same
55%
taken
55%
asked
54%
hometown
54%
right
54%
bad
53%
hanging
53%
leads
53%
ours
53%
run,
53%
tell
53%
though
53%
won't
53%
While
52%
called
51%
flies,
51%
heart
51%
smile,
51%
used
50%
day
49%
far
49%
felt
49%
okay
49%
There's
49%
yours
49%
around
48%
school
48%
kind
47%
known
47%
missing
47%
put
47%
ache
46%
own
46%
parked
46%
remember
46%
watched
46%
cold,
45%
old
45%
books
44%
perfume
44%
which
44%
wonder
44%
between
42%
breakin'
42%
passed
42%
Sleep
42%
smiles
42%
times'
42%
truck
42%
bed
41%
fakin'
41%
linger
41%
messy
41%
Methodist
41%
ride
41%
tires
41%
windshield
41%
escaped
40%
holidays
40%
mud
40%
warmest
40%
glass
39%
half
39%
sake
39%
wait
39%
leavin'
38%
soul
37%
Who'll
35%
fogs
34%
No matching quizzes found
Score Distribution
Percent of People with Each Score
Percentile by Number Answered
Your Score History
You have not taken this quiz since the last reset